| 000 | 00905nam a2200217 i 4500 | ||
|---|---|---|---|
| 001 | 157602 | ||
| 003 | ES-MaACL | ||
| 005 | 20230906210736.0 | ||
| 008 | 971210s1849 sp |||| | spa d | ||
| 040 |
_aNA _bspa _cNA |
||
| 080 | _a821.134.2-31"18" | ||
| 100 | 1 |
_aLetamendi, Agustín de. _9128909 |
|
| 245 | 1 | 0 |
_aJosefina de Comerford o El fanatismo _b: novela original, histórica y contemporánea / _cpor A. de Letamendi. |
| 260 |
_aMadrid : _bMartín, editor gerente por la V. de Domínguez, _c1849. |
||
| 300 |
_a2 t. en 1 vol. (275, 333 p.) ; _c19 cm. |
||
| 530 | _aDisponible también en sitio web. | ||
| 597 | _aSegundo tomo con port. y pág. propias. | ||
| 597 | _aEn T. II consta:"Fin de la novela" | ||
| 852 |
_aES-MaACL _jC-1381 _z-- Enc. hol. |
||
| 856 |
_uhttp://bibliotecadigitalhispanica.bne.es:80/webclient/DeliveryManager?pid=2813266&custom_att_2=simple_viewer _zIr a la página |
||
| 999 |
_c157602 _d157602 |
||